|
|
|
|
| LEADER |
01749nam a2200349 a 4500 |
| 001 |
mzk03000906971 |
| 003 |
CZ BrMZK |
| 005 |
20050408065055.0 |
| 007 |
ta |
| 008 |
050407s1738 gw a fr|||||00| ||gerod |
| 040 |
|
|
|a BOA001
|b cze
|
| 041 |
0 |
|
|a ger
|a lat
|
| 072 |
|
7 |
|a 094
|x Staré tisky
|2 Konspekt
|9 12
|
| 080 |
|
|
|a (0.068)094
|2 MRF
|
| 100 |
1 |
|
|a Köhler, Johann David,
|d 1684-1755
|7 ola2005284407
|4 aut
|
| 245 |
1 |
0 |
|a Im Jahr 1738. wöchentlich herausgegebener Historischer Münz-Belustigung :
|b Darinnen allerhand merkwürdige und rare Thaler, Ducaten, Schaustücken und andere sonderbahre Gold- und Silber-Münzen von mancherley Alter, zusammen LVIII. Stücke, Accurat in Kupfer gestochen, beschrieben und aus der Historie umständlich erkläret werden. Nebst der achten Fortsetzung Des Entwurfs von eines vollständigen Thaler-Collection in der Vorrede.
|n Zehender Theil /
|c Johann David Köhlers P.P.
|
| 260 |
|
|
|a Nürnberg :
|b Bey Christoph Weigels, des ältern, Kunsthändlers seel. Wittve. Gedruck bey Lorenz Bieling,
|c 1738
|
| 300 |
|
|
|a [8], XL, 452, [28] s., [1] příl. ;
|c 4°
|
| 500 |
|
|
|a Výzdoba: Mědirytinový patitul, signet, mědiryty v textu (též vyobrazení mincí), vlysy, viněty
|
| 501 |
|
|
|a Přívazek k 9. dílu téhož titulu
|
| 546 |
|
|
|a Obsahuje latinské termíny a nápisy na mincích
|
| 655 |
|
7 |
|a staré tisky
|7 fd422076
|2 czenas
|
| 903 |
|
|
|a RP
|
| 910 |
|
|
|a BOA001
|b ST2-0079.276,9,přív.
|
| 978 |
|
|
|b Bieling, Lorenz
|a Nürnberg
|c 1738
|
| 978 |
|
|
|b Weigel, Christoph I. - vdova
|a Nürnberg
|c 1738
|
| 984 |
|
|
|a Norimberk
|b Německo
|
| 985 |
|
|
|a 1701-1750
|
| 990 |
|
|
|a BK
|
| 993 |
|
|
|a Y
|
| 991 |
|
|
|k mzk
|
| 994 |
|
|
|a UP
|l MZK03
|b 000906969
|m přívazek
|n záznam 1. díla (pro objednání pokračujte kliknutím)
|